000 00623cam a22002291 4500
001 sa 63004538
003 DLC
005 20260227111949.0
008 890619s1963 ii ch 000 0 beno
010 _asa 63004538
035 _a(OCoLC)19890617
040 _aDLC
_cWaU
_dDLC
042 _apremarc
050 0 0 _aCT1508.T3
_bR3
100 1 _aRay, Sushil,
_d1915-
245 1 0 _aJyotirindra Nātha.
260 _c[1963]
300 _a6, 286 p.
_bports., facsim.
_c23 cm.
500 _aIn Bengali.
500 _aBased on the author's thesis, Calcutta University.
600 1 0 _aṬhākura, Jyotirindranātha,
_d1849-1925.
999 _c55709
_d55709